| 000 | 00436nam a22001577a 4500 | ||
|---|---|---|---|
| 003 | Macl | ||
| 005 | 20170418153544.0 | ||
| 008 | 170418b xxu||||| |||| 00| 0 eng d | ||
| 040 | _cMacl | ||
| 082 | _a370 | ||
| 100 |
_aMunshi Usha Mujoo,Munshi Angad _967059 |
||
| 245 | _aResearch landscape in the Global context | ||
| 260 |
_aNew delhi _bReserch Landscape in the Global context _c2016 |
||
| 650 |
_aEducation _967060 |
||
| 942 |
_2ddc _cBK |
||
| 999 |
_c56270 _d56270 |
||